000
00299nam a2200133Ia 4500
100
_a
Jain/K.C/ Agarwal/L.N
942
_c
BK
654
_a
metal
245
_a
Metal cutting and production technology
260
_b
Khanna
_a
Delhi
_c
1986
082
_a
671.53
_b
JAI
300
_a
648
546
_a
ENGLISH
999
_c
32010
_d
32010